[Event "Challenge"]
[Site "http://www.queenalice.com/game.php?id=774102"]
[Date "2010.5.11"]
[Round "-"]
[White "sunking"]
[Black "Fittipaldi"]
[Result "1-0"]
[WhiteElo "1628"]
[BlackElo "1694"]

1. d4 Nf6 2. d5 c5 3. Nc3 g6 4. e4 Bg7 5. Nf3 O-O 6. Ne5 d6 7. Ng4 Bxg4 8. f3
Bd7 9. Bg5 a6 10. b3 b5 11. a4 bxa4 12. bxa4 Nh5 13. g4 Bxc3+ 14. Ke2 Bxa1 15.
Qxa1 Ng7 16. Bh6 f6 17. h4 1-0

[Event "Let's Play Chess!"]
[Site "http://www.queenalice.com/game.php?id=774519"]
[Date "2010.5.14"]
[Round "-"]
[White "Panzer85"]
[Black "Fittipaldi"]
[Result "0-1"]
[WhiteElo "1687"]
[BlackElo "1675"]

1. e4 a6 2. d4 b5 3. c4 Bb7 4. e5 e6 5. Nc3 c5 6. cxb5 Qc7 7. Be3 c4 8. Bxc4
Qxc4 9. b6 Bb4 10. Ne2 Ne7 11. O-O O-O 12. Rc1 Qc6 13. f3 Nf5 14. Na4 Qb5 15.
Bf4 Nc6 16. a3 Ba5 17. Rc5 Bxb6 18. Rxb5 Bxd4+ 19. Nxd4 axb5 20. Nb6 Rad8 21.
Nxf5 exf5 22. Qb3 Nd4 23. Qd3 Ne6 24. Be3 f4 25. Bd4 Bc6 26. a4 bxa4 27. Ra1 d6
28. Qc4 dxe5 29. Bxe5 Bb7 30. Bxf4 Rd4 31. Qc2 Rxf4 32. Rxa4 Rxa4 33. Qxa4 Rd8
34. b4 Kf8 35. Nd7+ Ke7 36. Nc5 Nxc5 37. bxc5 Rc8 38. Qb4 Bc6 39. Qg4 Bd7 40.
Qb4 Rc6 41. h4 h6 42. f4 f6 43. g3 Kf7 44. Qb7 Ke7 45. Qb5 Re6 46. Qb4 Bc6 47.
Kf2 f5 48. Qd4 Kf7 49. h5 Re4 50. Qd6 Re6 51. Qc7+ Kf6 52. Qd8+ Kf7 53. Qh8 Bb5
54. Qh7 Rf6 55. Kf3 Bc6+ 56. Ke3 Be4 57. Kd4 Bf3 58. Ke5 Re6+ 59. Kxf5 Be4+ 0-1

[Event "PRAÇA GILBRAN KHALIL XII"]
[Site "http://www.queenalice.com/game.php?id=777145"]
[Date "2010.5.17"]
[Round "-"]
[White "perucona"]
[Black "Fittipaldi"]
[Result "1-0"]
[WhiteElo "1558"]
[BlackElo "1549"]

1. e4 a6 2. d4 b5 3. Nf3 Bb7 4. Nc3 e6 5. Bd3 c5 6. d5 c4 7. Be2 exd5 8. exd5
Bc5 9. O-O Ne7 10. d6 Nf5 11. Bg5 Qb6 12. Be3 Nxe3 13. fxe3 Bxe3+ 14. Kh1 Nc6
15. Ng5 Bxg5 16. Bh5 O-O 17. Qf3 Nd4 18. Qg3 Ne6 19. Qh3 Nf4 20. Qg4 Nxg2 21.
Qxg5 f6 22. Qg4 Ne3+ 23. Kg1 1-0

[Event "Now i'm really ready !"]
[Site "http://www.queenalice.com/game.php?id=778988"]
[Date "2010.5.21"]
[Round "-"]
[White "Fittipaldi"]
[Black "Garry_Kasparov"]
[Result "0-1"]
[WhiteElo "1691"]
[BlackElo "1950"]

1. d4 d5 2. c4 e6 3. Nc3 Nf6 4. cxd5 exd5 5. Nf3 Nbd7 6. Bf4 c6 7. e3 Be7 8. Bd3
a6 9. O-O b5 10. Qc2 g6 11. a3 O-O 12. Rac1 Nb6 13. Na2 Bb7 14. Ne5 Rc8 15. Nb4
c5 16. dxc5 Rxc5 17. Qd2 Nc4 18. Nxc4 dxc4 19. Bh6 Re8 20. Rfd1 cxd3 21. Rxc5
Bxc5 22. Nxd3 Ne4 23. Qc2 Bb6 24. Nb4 Qh4 25. Bf4 g5 26. g3 Qh3 27. Rd7 gxf4 28.
Nd5 f3 0-1

[Event "Challenge"]
[Site "http://www.queenalice.com/game.php?id=778990"]
[Date "2010.5.21"]
[Round "-"]
[White "Andrei_78"]
[Black "Fittipaldi"]
[Result "1-0"]
[WhiteElo "1700"]
[BlackElo "1672"]

1. e4 a6 2. Nf3 b5 3. b4 d6 4. h3 Bb7 5. Bd3 Nf6 6. O-O Nxe4 7. Bxe4 Bxe4 8. d3
Bb7 9. Bf4 e5 10. Bg5 f6 11. Bh4 Nd7 12. Nc3 c5 13. bxc5 Nxc5 14. Re1 Qa5 15.
Qd2 Bxf3 16. gxf3 g5 17. Bg3 h5 18. Re2 h4 19. Bh2 Bh6 20. Nd5 Qxd2 21. Rxd2 O-O
22. Ne7+ Kh7 23. Nf5 d5 24. d4 exd4 25. Rxd4 Rfd8 26. Nxh6 Kxh6 27. Bc7 Rd7 28.
Bb6 Ne6 29. Rdd1 Nf4 30. Rd2 Nxh3+ 31. Kh2 Nf4 32. Re1 Rb8 33. Be3 Re8 34. Rg1
Ne6 35. Rg4 f5 36. Rxh4+ Kg6 37. Rh3 d4 38. Bxd4 Nxd4 39. c3 Nxf3+ 40. Rxf3 1-0

[Event "Challenge"]
[Site "http://www.queenalice.com/game.php?id=781704"]
[Date "2010.5.27"]
[Round "-"]
[White "Fittipaldi"]
[Black "leoreis"]
[Result "0-1"]
[WhiteElo "1722"]
[BlackElo "1775"]

1. e4 e5 2. f4 Nc6 3. Nf3 exf4 4. d4 Nf6 5. d5 Ne7 6. Bd3 Ng6 7. c4 Bc5 8. Nc3
O-O 9. h3 d6 10. Ne2 Qe7 11. Bxf4 Nxe4 12. Bxe4 Qxe4 13. Ng5 Qe7 14. Qd2 Bf5 15.
O-O-O Nxf4 16. Nd4 Bxd4 17. Ne6 fxe6 18. Qxf4 e5 19. Qd2 c6 20. Rhe1 Qc7 21.
dxc6 bxc6 22. b4 Rab8 23. a3 a5 24. Re2 axb4 25. axb4 Ra8 0-1

[Event "Challenge"]
[Site "http://www.queenalice.com/game.php?id=782772"]
[Date "2010.5.29"]
[Round "-"]
[White "Garry_Kasparov"]
[Black "Fittipaldi"]
[Result "1-0"]
[WhiteElo "2064"]
[BlackElo "1533"]

1. e4 Nf6 2. Nc3 d5 3. exd5 Nxd5 4. Bc4 e6 5. Nf3 Nxc3 6. bxc3 c6 7. d4 Nd7 8.
Be3 b5 9. Bb3 Qa5 10. O-O Ba3 11. c4 Ba6 12. Bd2 b4 13. Re1 c5 14. d5 O-O 15.
dxe6 fxe6 16. Rxe6 Bb7 17. Ng5 Qc7 18. Qh5 Nf6 19. Qe2 Bb2 20. Re1 h6 21. Re7
Qc6 22. Qe6+ Qxe6 23. Nxe6 Rf7 24. Nxc5 Bc6 25. Nd3 Bd4 26. Rxf7 Kxf7 27. c5+
Kf8 28. Nxb4 Be4 29. c6 a5 30. Nd3 Bxc6 31. c3 Ba7 32. Nf4 Ne4 33. Ng6+ Ke8 34.
Ba4 Bxf2+ 35. Kf1 Bxe1 36. Bxc6+ Kf7 37. Kxe1 Nxd2 38. Bxa8 Nb1 39. c4 Nc3 40.
Ne5+ Ke6 41. Nc6 a4 42. Nb4 Kd6 43. Kd2 Nb1+ 44. Kc2 Na3+ 45. Kc3 Nb1+ 46. Kb2
Nd2 47. Kc3 Nb1+ 48. Kd4 Nd2 49. c5+ Kc7 50. Kd5 Nb1 51. Na6+ Kd8 52. c6 Nc3+
53. Kc5 Nxa2 54. c7+ 1-0

[Event "Challenge"]
[Site "http://www.queenalice.com/game.php?id=784131"]
[Date "2010.6.1"]
[Round "-"]
[White "Fittipaldi"]
[Black "ThiagoTanaka"]
[Result "1-0"]
[WhiteElo "1639"]
[BlackElo "1864"]

1. e4 c6 2. f4 d5 3. e5 f6 4. d4 Bf5 5. c4 dxc4 6. Bxc4 Qc8 7. Qb3 Nh6 8. Nf3 b5
9. Bd3 Nd7 10. Bxf5 Nxf5 11. Nc3 a5 12. O-O a4 13. Qc2 Nb6 14. Ne4 Nd5 15. Qe2
Nh6 16. h3 f5 17. Nc5 e6 18. Qc2 Bxc5 19. Qxc5 Qd7 20. Ng5 Qe7 21. Qxc6+ Qd7 22.
Qxa8+ 1-0

[Event "Challenge"]
[Site "http://www.queenalice.com/game.php?id=784187"]
[Date "2010.6.1"]
[Round "-"]
[White "sunking"]
[Black "Fittipaldi"]
[Result "1-0"]
[WhiteElo "1610"]
[BlackElo "1657"]

1. e4 Nf6 2. e5 Nd5 3. Nc3 Nxc3 4. dxc3 c5 5. Nf3 Nc6 6. Bb5 Qc7 7. c4 Nxe5 8.
Bf4 f6 9. O-O b6 10. Re1 Nxf3+ 11. gxf3 Qxf4 12. Kf1 e6 13. Re3 e5 14. Qd5 Rb8
15. Rd1 Qf5 16. f4 a6 17. Bxd7+ Bxd7 18. b3 Qe6 19. fxe5 Qxd5 20. cxd5 Bh3+ 21.
Rxh3 fxe5 22. c4 Bd6 23. a4 Ke7 24. Rdd3 Rbf8 25. Rdf3 Rf6 26. Rfg3 g6 27. Rf3
Rf5 28. Ke2 e4 29. Rxf5 gxf5 30. Ke3 1-0

[Event "Challenge"]
[Site "http://www.queenalice.com/game.php?id=787809"]
[Date "2010.6.9"]
[Round "-"]
[White "leoreis"]
[Black "Fittipaldi"]
[Result "0-1"]
[WhiteElo "1808"]
[BlackElo "1664"]

1. e4 g6 2. d4 Bg7 3. Nf3 c5 4. c3 Nc6 5. dxc5 Nf6 6. e5 Ng4 7. e6 f5 8. exd7+
Qxd7 9. Qxd7+ Bxd7 10. h3 Nf6 11. Bc4 O-O-O 12. O-O Ne4 13. Nbd2 Nxc5 14. Ng5
Ne5 15. Nf7 Nxf7 16. b4 Bxc3 17. Bxf7 Bxa1 18. bxc5 Bb5 19. Re1 Bc3 20. Rd1 Be2
21. Be6+ Kc7 22. Re1 Bxd2 23. Bxd2 Rxd2 24. Bb3 e5 25. f3 Rhd8 26. Kf2 Bc4+ 27.
Kg1 Bxb3 28. axb3 Rd1 0-1

[Event "Challenge"]
[Site "http://www.queenalice.com/game.php?id=788498"]
[Date "2010.6.11"]
[Round "-"]
[White "PRINCIFOR"]
[Black "Fittipaldi"]
[Result "1-0"]
[WhiteElo "1834"]
[BlackElo "1594"]

1. d4 Nf6 2. Nc3 g6 3. Nf3 Bg7 4. e4 d6 5. Be2 O-O 6. O-O Bg4 7. h3 Bd7 8. Be3
Nc6 9. Qd2 Re8 10. Rad1 a6 11. Nh2 e5 12. d5 Ne7 13. Bg5 b5 14. Bxf6 Bxf6 15. a3
Nc8 16. Ng4 1-0

[Event "Challenge"]
[Site "http://www.queenalice.com/game.php?id=789807"]
[Date "2010.6.14"]
[Round "-"]
[White "colombHouse"]
[Black "Fittipaldi"]
[Result "1-0"]
[WhiteElo "1452"]
[BlackElo "1549"]

1. d4 e5 2. dxe5 Nc6 3. Nf3 Qe7 4. Nc3 Nxe5 5. Qd4 Nxf3+ 6. gxf3 c5 7. Qe3 b6 8.
Nd5 Qxe3 9. Bxe3 Bd6 10. O-O-O Ne7 11. Nf6+ gxf6 12. Rxd6 1-0

[Event "QA-ANNIV-06"]
[Site "http://www.queenalice.com/game.php?id=790908"]
[Date "2010.6.16"]
[Round "1"]
[White "Fittipaldi"]
[Black "diablero"]
[Result "0-1"]
[WhiteElo "1531"]
[BlackElo "1936"]

1. d4 e6 2. c4 Nf6 3. Nc3 Bb4 4. f3 d5 5. a3 Bxc3+ 6. bxc3 c5 7. cxd5 Nxd5 8.
dxc5 Qa5 9. Bd2 Qxc5 10. e4 Nf6 11. Qa4+ Nc6 12. Bb5 Bd7 0-1